| 000 | 02183nam0a2200433 4500 | ||
|---|---|---|---|
| 001 | RU\NLR\BIBL_A\012084373 | ||
| 005 | 20250623204149.0 | ||
| 010 |
_a978-5-7749-1502-6 _91000 |
||
| 021 |
_aRU _b2019-55175 _9КН-П-3962 |
||
| 035 | _a(RuMoRGB)010049476 | ||
| 035 | _a(NLR Aleph) 012084373 | ||
| 090 |
_a11820427 _c11820427 |
||
| 100 | _a20190830d2019 |||y0rusy50 ca | ||
| 101 | 1 |
_arus _ceng |
|
| 102 | _aRU | ||
| 105 | _aab||zzzz0||zy | ||
| 200 | 1 |
_aАграрные реформы в России: дорога из рабства _fКэрол Леонард _gперевод с английского Аллы Белых _gпод научной редакцией Андрея Белых _g[Российская академия народного хозяйства и государственной службы при Президенте Российской Федерации (РАНХиГС)] |
|
| 210 |
_aМосква _cДело _d2019 |
||
| 215 |
_a722, [1] с. _cил., карт., табл. _d22 |
||
| 300 | _aЗагл. и авт. также на англ. яз.: Agrarian reform in Russia / Carol S. Leonard | ||
| 300 | _aЗагл. обл., суперобл. и корешка: Аграрные реформы в России | ||
| 300 | _aНа 2-й с. суперобл. авт.: д-р философии, преп. Оксфорд. ун-та Кэрол С. Леонард | ||
| 320 | _aБиблиогр.: с. 595-723 | ||
| 320 | _aДр. работы авт. на 2-й с. обл. | ||
| 512 | 1 |
_6z22790 _aАграрные реформы в России |
|
| 517 | 1 |
_aAgrarian reform in Russia _zeng |
|
| 606 | 1 |
_aАграрные реформы _yРоссия _z19 - 21 вв. _92423603 _3RU\NLR\AUTH\6601661643 |
|
| 686 | 1 | _aТ3(2)5-232 | |
| 686 | 1 | _aТ3(2)7-232 | |
| 686 | 1 | _aУ32(2)-183 | |
| 686 | 1 | _aУ32(28)-183 | |
| 700 | 1 |
_7ca _8rus _aЛеонард _bК. С. _f1945- _gКэрол Cкотт _9210560 _3RU\NLR\AUTH\770210614 |
|
| 790 | 1 |
_7ba _8eng _aLeonard _bC. S. _f1945- _gCarol Scott _9210562 _3RU\NLR\AUTH\770210616 |
|
| 942 | _cBOOK | ||
| 980 | _aNBR | ||
| 980 | _aNB | ||